000 00408nam a2200121 a 4500
008 120416s1956 xx |||||||||||||| || u
050 _aNK 2395 Mil
100 _aMiller, Duncan
245 1 0 _aInterior decorating
260 _c[1956]
350 _a0.00
995 _D0.00
_FCBU-MAIN LIBRARY (Kitwe)
_H1
_I0.00
_M1
_UAVAILABLE
_ZAnnex Low-Usage Collection
999 _c47216
_d47216